The Oxford-Duden pictorial english dictionary : business and Technical

Bibliographic Details
Format: Book
Published: Oxford : Uni.Press , 1981
Subjects:

MARC

LEADER 00000cam a2200000 7i4500
001 0000002970
002 000003215
005 20000330.0
020 |a 0192819828 
090 0 0 |a 428.03   |b OXF 
245 0 4 |a The Oxford-Duden pictorial english dictionary :   |b business and Technical 
260 |a Oxford :   |b Uni.Press ,   |c 1981 
300 |a 339p. ;   |c 19cm. 
650 0 0 |a Business   |x Dictionaries 
650 0 0 |a English language   |x Dictionaries 
650 0 0 |a Vocabulary   |x Pictorial works 
999 |a 036524   |b BUKU   |c PINJAMAN   |e PERPUSTAKAAN KOMUNITI PETALING JAYA